| 000 | 00430nam a2200157 i 4500 | ||
|---|---|---|---|
| 001 | 50600 | ||
| 003 | ES-MaACL | ||
| 005 | 20230906162215.0 | ||
| 007 | t| | ||
| 008 | 030805s1967 sp ||||1| cat d | ||
| 100 | 1 |
_aCubells y Peris, Juan. _941928 |
|
| 245 | 1 | 0 |
_aDisquisicions toponimiques / _cJoan Cubells i Peris. |
| 260 |
_aBarcelona : _bDalmau, _c[1967] |
||
| 300 |
_a96 p. ; _c18 cm. |
||
| 852 |
_aES-MaACL _jC-34459 _bR.64516 |
||
| 999 |
_c50600 _d50600 |
||